<?xml version="1.0" encoding="UTF-8"?>
<record
    xmlns:xsi="http://www.w3.org/2001/XMLSchema-instance"
    xsi:schemaLocation="http://www.loc.gov/MARC21/slim http://www.loc.gov/standards/marcxml/schema/MARC21slim.xsd"
    xmlns="http://www.loc.gov/MARC21/slim">

  <leader>03692nam a2200349 c 4500</leader>
  <controlfield tag="001">000001970</controlfield>
  <controlfield tag="003">DO-SdBNP</controlfield>
  <controlfield tag="005">20240229073830.0</controlfield>
  <controlfield tag="008">090630s2005    dr d          000 0 spa d</controlfield>
  <datafield tag="020" ind1=" " ind2=" ">
    <subfield code="a">9993425559</subfield>
  </datafield>
  <datafield tag="040" ind1=" " ind2=" ">
    <subfield code="a">DO-SdBNP</subfield>
    <subfield code="b">spa</subfield>
    <subfield code="c">BNPHU</subfield>
  </datafield>
  <datafield tag="082" ind1=" " ind2="4">
    <subfield code="a">305.42</subfield>
    <subfield code="b">M671de</subfield>
    <subfield code="2">22</subfield>
  </datafield>
  <datafield tag="245" ind1="0" ind2="0">
    <subfield code="a">Miradas desencadenantes :</subfield>
    <subfield code="b">los estudios de g&#xE9;nero en la Rep&#xFA;blica Dominicana al inicio del tercer milenio /</subfield>
    <subfield code="c">compiladora, Ginetta E. B. Candelario ; pr&#xF3;logo, Lourdes Contrera ; revisi&#xF3;n editorial &#xC1;ngela Hern&#xE1;ndez ; coordinaci&#xF3;n Didiana Belliard.</subfield>
  </datafield>
  <datafield tag="260" ind1=" " ind2=" ">
    <subfield code="a">Santo Domingo :</subfield>
    <subfield code="b">INTEC. Centro de Estudios de G&#xE9;nero,</subfield>
    <subfield code="c">2005.</subfield>
  </datafield>
  <datafield tag="300" ind1=" " ind2=" ">
    <subfield code="a">349 p. ;</subfield>
    <subfield code="c">23 cm.</subfield>
  </datafield>
  <datafield tag="500" ind1=" " ind2=" ">
    <subfield code="a">Incluye &#xED;ndice.</subfield>
  </datafield>
  <datafield tag="504" ind1=" " ind2=" ">
    <subfield code="a">Incluye referencias bibliogr&#xE1;ficas, notas al pie de las p&#xE1;ginas.</subfield>
  </datafield>
  <datafield tag="505" ind1="0" ind2=" ">
    <subfield code="a">Secc. 1. Historia. Familias, mujeres y servidumbres: "invisibilidades" visibles en la historia colonial dominicana/Dora D&#xE1;vila -- El eco de su voz allende a los mares: la primera etapa en el pensamiento feminista dominicano / Ginetta E.B. Candelario -- La feminizaci&#xF3;n de la matr&#xED;cula universitaria / Lucero Quiroga -- Secc. 2. Pensamiento feminista. El derecho a los derechos y los derechos en el derecho / Lourdes Contreras -- Identidades esencialistas o construcci&#xF3;n de identidades pol&#xED;ticas: El dilema de las feministas / Ochy Curiel -- Sobre el feminismo hoy. A la b&#xFA;squeda de un otro sentido del ser y el hacer feminista en este tiempo / Yuderkys Espinosa Mi&#xF1;oso -- Secc. 3. Masculinidad, violencia y salud. El sistema de derecho dominicano y la violencia de pareja / Mar&#xED;a Jes&#xFA;s Pola Z. (Susi) -- Juegos de guerra: el enfoque gen&#xE9;rico-cultural de la respuesta al VIH-SIDA / E. Antonio de Moya -- La violaci&#xF3;n sexual en la regi&#xF3;n Nordeste de la Rep&#xFA;blica Dominicana : respuesta desde la administraci&#xF3;n de justicia, 1998-2000 / Iluminada Gonz&#xE1;lez -- Falocentrismo, orquiectom&#xED;a e identidad masculina en Rep&#xFA;blica Dominicana / Angel Pichardo Almonte --Secc. 4. Movimientos sociales y ciudadan&#xED;a femenina. La mujer en las formas organizativas informales y formales de los barrios urbano-marginales de Santo Domingo / Tahira Vargas -- G&#xE9;nero, turismo y desarrollo: estudio de caso en la Cordillera Central de la Rep&#xFA;blica Dominicana / Light Carruyo -- G&#xE9;nero y transnacionalismo en la encrucijada de agendas locales y globales: de Nueva York a Villa Mella / Karin Weyland -- G&#xE9;nero, discriminaci&#xF3;n racial y ciudadan&#xED;a: un estudio en la escuela dominicana / Claudina Valdez --</subfield>
  </datafield>
  <datafield tag="505" ind1="0" ind2=" ">
    <subfield code="a">Secc. 5. Participaci&#xF3;n pol&#xED;tica. Democracia y g&#xE9;nero en la Rep&#xFA;blica Dominicana / Rosario Espinal, Jonathan Hartlyn y Jana Morgan Kelly -- La representaci&#xF3;n pol&#xED;tica de las mujeres en la Rep&#xFA;blica Dominicana : obst&#xE1;culos institucionales a su incorporaci&#xF3;n en los espacios de poder. Un an&#xE1;lisis de las elecciones de 1998 y 2002 / Jacqueline Jim&#xE9;nez Polanco -- Mujer y participaci&#xF3;n pol&#xED;tica en la RD: el caso de la Regi&#xF3;n -- Fichas biogr&#xE1;ficas de las y los autorales.</subfield>
  </datafield>
  <datafield tag="590" ind1=" " ind2=" ">
    <subfield code="a">Inventariado, 2018/MFF</subfield>
  </datafield>
  <datafield tag="650" ind1=" " ind2="4">
    <subfield code="a">Feminismo</subfield>
    <subfield code="z">Rep&#xFA;blica Dominicana</subfield>
    <subfield code="9">6393</subfield>
  </datafield>
  <datafield tag="650" ind1=" " ind2="4">
    <subfield code="a">Mujeres en Rep&#xFA;blica Dominicana</subfield>
    <subfield code="x">Aspectos sociales</subfield>
    <subfield code="9">6394</subfield>
  </datafield>
  <datafield tag="650" ind1=" " ind2="4">
    <subfield code="a">Derechos de la mujer</subfield>
    <subfield code="z">Rep&#xFA;blica Dominicana</subfield>
    <subfield code="9">2757</subfield>
  </datafield>
  <datafield tag="650" ind1=" " ind2="4">
    <subfield code="a">Mujeres</subfield>
    <subfield code="x">Situaci&#xF3;n legal</subfield>
    <subfield code="z">Rep&#xFA;blica Dominicana</subfield>
    <subfield code="9">6395</subfield>
  </datafield>
  <datafield tag="650" ind1=" " ind2="4">
    <subfield code="a">Violencia familiar </subfield>
    <subfield code="z">Rep&#xFA;blica Dominicana</subfield>
    <subfield code="9">6396</subfield>
  </datafield>
  <datafield tag="700" ind1="1" ind2=" ">
    <subfield code="a">Candelario, Ginetta E. B.,</subfield>
    <subfield code="e">comp.</subfield>
    <subfield code="9">6397</subfield>
  </datafield>
  <datafield tag="700" ind1="1" ind2=" ">
    <subfield code="a">Contreras, Lourdes,</subfield>
    <subfield code="e">pr&#xF3;l.</subfield>
    <subfield code="9">2759</subfield>
  </datafield>
  <datafield tag="700" ind1="1" ind2=" ">
    <subfield code="a">Hern&#xE1;ndez, &#xC1;ngela,</subfield>
    <subfield code="d">1954-</subfield>
    <subfield code="e">coord.</subfield>
    <subfield code="9">2564</subfield>
  </datafield>
  <datafield tag="710" ind1=" " ind2=" ">
    <subfield code="a">Instituto Tecnologico de Santo Domingo.</subfield>
    <subfield code="b">Centro de Estudio del G&#xE9;nero</subfield>
    <subfield code="9">35512</subfield>
  </datafield>
  <datafield tag="910" ind1=" " ind2=" ">
    <subfield code="a">Validado. Control de calidad MFF</subfield>
  </datafield>
  <datafield tag="942" ind1=" " ind2=" ">
    <subfield code="2">ddc</subfield>
    <subfield code="c">LBS1</subfield>
  </datafield>
  <datafield tag="952" ind1=" " ind2=" ">
    <subfield code="0">0</subfield>
    <subfield code="1">0</subfield>
    <subfield code="5">2</subfield>
    <subfield code="7">0</subfield>
    <subfield code="8">DS</subfield>
    <subfield code="a">GR</subfield>
    <subfield code="b">GR</subfield>
    <subfield code="c">HD</subfield>
    <subfield code="d">2009-07-16</subfield>
    <subfield code="i">LF1</subfield>
    <subfield code="l">0</subfield>
    <subfield code="o">305.42 M671de</subfield>
    <subfield code="p">1970-30</subfield>
    <subfield code="r">2020-06-25</subfield>
    <subfield code="t">e. 3</subfield>
    <subfield code="w">2020-06-25</subfield>
    <subfield code="y">LFDS</subfield>
    <subfield code="Z">Pr&#xE9;stamo interno</subfield>
  </datafield>
  <datafield tag="952" ind1=" " ind2=" ">
    <subfield code="0">0</subfield>
    <subfield code="1">0</subfield>
    <subfield code="5">2</subfield>
    <subfield code="7">0</subfield>
    <subfield code="8">DS</subfield>
    <subfield code="a">GR</subfield>
    <subfield code="b">GR</subfield>
    <subfield code="c">HD</subfield>
    <subfield code="d">2018-05-25</subfield>
    <subfield code="i">LF1</subfield>
    <subfield code="l">0</subfield>
    <subfield code="o">305.42 M671de</subfield>
    <subfield code="p">1970-50</subfield>
    <subfield code="r">2020-06-25</subfield>
    <subfield code="t">e. 4</subfield>
    <subfield code="w">2020-06-25</subfield>
    <subfield code="y">LFDS</subfield>
    <subfield code="Z">Pr&#xE9;stamo interno</subfield>
  </datafield>
  <datafield tag="952" ind1=" " ind2=" ">
    <subfield code="0">0</subfield>
    <subfield code="1">0</subfield>
    <subfield code="5">2</subfield>
    <subfield code="7">0</subfield>
    <subfield code="8">DS</subfield>
    <subfield code="a">GR</subfield>
    <subfield code="b">GR</subfield>
    <subfield code="c">HD</subfield>
    <subfield code="d">2018-05-25</subfield>
    <subfield code="i">LF1</subfield>
    <subfield code="l">0</subfield>
    <subfield code="o">305.42 M671de</subfield>
    <subfield code="p">1970-60</subfield>
    <subfield code="r">2020-06-25</subfield>
    <subfield code="t">e. 5</subfield>
    <subfield code="w">2020-06-25</subfield>
    <subfield code="y">LFDS</subfield>
    <subfield code="Z">Pr&#xE9;stamo interno</subfield>
  </datafield>
  <datafield tag="952" ind1=" " ind2=" ">
    <subfield code="0">0</subfield>
    <subfield code="1">1</subfield>
    <subfield code="7">1</subfield>
    <subfield code="8">PD</subfield>
    <subfield code="a">PD</subfield>
    <subfield code="b">PD</subfield>
    <subfield code="c">MI</subfield>
    <subfield code="d">2018-05-25</subfield>
    <subfield code="i">LF1</subfield>
    <subfield code="l">0</subfield>
    <subfield code="o">305.42 M671de</subfield>
    <subfield code="p">1970-70</subfield>
    <subfield code="r">2020-06-25</subfield>
    <subfield code="w">2020-06-25</subfield>
    <subfield code="y">LFPD</subfield>
    <subfield code="Z">No se presta</subfield>
  </datafield>
  <datafield tag="952" ind1=" " ind2=" ">
    <subfield code="0">0</subfield>
    <subfield code="1">0</subfield>
    <subfield code="7">1</subfield>
    <subfield code="8">PD</subfield>
    <subfield code="a">PD</subfield>
    <subfield code="b">PD</subfield>
    <subfield code="c">HD</subfield>
    <subfield code="d">2009-06-30</subfield>
    <subfield code="i">LF1</subfield>
    <subfield code="l">0</subfield>
    <subfield code="o">305.42 M671de</subfield>
    <subfield code="p">1970-10</subfield>
    <subfield code="r">2020-06-25</subfield>
    <subfield code="w">2020-06-25</subfield>
    <subfield code="y">LFPD</subfield>
    <subfield code="Z">No se presta</subfield>
  </datafield>
  <datafield tag="952" ind1=" " ind2=" ">
    <subfield code="0">0</subfield>
    <subfield code="1">0</subfield>
    <subfield code="7">1</subfield>
    <subfield code="8">PD</subfield>
    <subfield code="a">PD</subfield>
    <subfield code="b">PD</subfield>
    <subfield code="c">HD</subfield>
    <subfield code="d">2009-06-30</subfield>
    <subfield code="i">LF1</subfield>
    <subfield code="l">0</subfield>
    <subfield code="o">305.42 M671de</subfield>
    <subfield code="p">1970-20</subfield>
    <subfield code="r">2020-06-25</subfield>
    <subfield code="t">e. 2</subfield>
    <subfield code="w">2020-06-25</subfield>
    <subfield code="y">LFPD</subfield>
    <subfield code="Z">No se presta</subfield>
  </datafield>
  <datafield tag="999" ind1=" " ind2=" ">
    <subfield code="c">1836</subfield>
    <subfield code="d">1836</subfield>
  </datafield>
</record>
